| 000 | 00430nam a22001697a 4500 | ||
|---|---|---|---|
| 003 | NUST - PNEC | ||
| 005 | 20170116181010.0 | ||
| 008 | 150913b xxu||||| |||| 00| 0 eng d | ||
| 020 | _a0713135719 | ||
| 040 | _cLIBRARY | ||
| 082 | _a004.16 GIB | ||
| 100 |
_910063 _aRadio-electronics |
||
| 245 |
_aElectronic processor systems _cJ. R. Gibson |
||
| 260 | _cc.1987 | ||
| 650 |
_910066 _aMicroprocessors _xMIS |
||
| 942 |
_2ddc _cBK |
||
| 999 |
_c67030 _d67030 |
||